Sistema de inscripción de pequeños contribuyentes en las agencias distritales y municipales de la Administración de Renta.

Presenta el sistema de inscripción de pequeños contribuyentes para las agencias distritales y municipales de la administración de renta, es un producto de software escrito en lenguaje JAVA que emplea interfaces para el usuario en ambiente gráfico y opera bajo plataforma cliente servidor que util...

Full description

Bibliographic Details
Main Authors: Centeno Chacón, Alinton Marlon, Palacios Mairena, Lesther Francisco
Other Authors: Tutor: Martínez Cano, Miriam
Format: Tesis Section = Libro
Language:Undetermined
Spanish
Published: Managua UNI 2006
Subjects:
LEADER 01636nam a2200277Ia 4500
008 240830s9999 xx 000 0 und d
040 |a BIBLIOTECA-RUPAP Mon 025.04 C397 
041 |a spa 
082 |a Mon 025.04 C397 
100 1 |a Centeno Chacón, Alinton Marlon 
100 1 |b  Palacios Mairena, Lesther Francisco 
245 1 0 |a Sistema de inscripción de pequeños contribuyentes en las agencias distritales y municipales de la Administración de Renta. 
260 |a Managua  |b UNI  |c 2006 
300 |a p. irreg. :il. 
500 |a Contiene: anexos y glosarios. 
502 |a Tesis (Ingeniero de Sistemas)- UNI, 2006. 
520 3 |a Presenta el sistema de inscripción de pequeños contribuyentes para las agencias distritales y municipales de la administración de renta, es un producto de software escrito en lenguaje JAVA que emplea interfaces para el usuario en ambiente gráfico y opera bajo plataforma cliente servidor que utiliza una base de datos operativa bajo Microsoft SQL llamada Pcos. El propósito del sistema es atender los requerimientos de reducir el tiempo de registro de contribuyentes y facilitar su posterior gestión en el sistema de pequeños contribuyentes. 
650 7 |a SISTEMA DE INFORMACION AUTOMATIZADA - ADMINISTRACION DE RENTA 
650 7 |b PROCESO DE GESTION - IMPUESTO - ADMINISTRACION DE RENTA 
650 7 |c REDES LOCALES - SISTEMAS DE INFORMACION - PEQUEÑOS CONSTRIBUYENTES 
650 7 |d LENGUAJE DE MODELADO UNIFICADO 
650 7 |e SISTEMA TRIBUTARIO - INSCVRIPCION DE CONSTRIBUYENTES 
700 1 |a Tutor:  |b Martínez Cano, Miriam 
942 |c BK  |2 ddc 
991 |a TESIS 
999 |c 15369